[Event "World Rapid 2023"]
[Site "Samarkand UZB"]
[Date "2023.12.27"]
[EventDate "2023.12.26"]
[Round "8.56"]
[Result "1-0"]
[White "Matvey Galchenko"]
[Black "Ter-Sahakyan, Samvel"]
[WhiteElo "2438"]
[BlackElo "2643"]
[PlyCount "112"]

1. e4 c5 2. c3 d5 3. exd5 Nf6 4. Qa4+ Nbd7 5. Qb3 g6 6. Nf3 Bg7 7. Be2 O-O 8.
O-O Nb6 9. c4 e6 10. dxe6 Bxe6 11. d3 Qc7 12. Nc3 a6 13. h3 Rac8 14. Be3 Nbd7
15. Rad1 h6 16. Qc2 Qb8 17. Qc1 Kh7 18. Bf4 Qa7 19. b3 b5 20. d4 Bf5 21. dxc5
Nxc5 22. Be3 Qb8 23. Nd4 Bd7 24. b4 Nce4 25. Nxe4 Nxe4 26. c5 Rfe8 27. Bf3 Qe5
28. Ne2 Nf6 29. Bd4 Qe7 30. Rfe1 Bc6 31. Bxc6 Rxc6 32. Nf4 Qd7 33. Rxe8 Qxe8 34.
Qe3 Qd7 35. Qf3 Qc8 36. Re1 a5 37. a3 axb4 38. axb4 Ra6 39. g3 h5 40. Re7 Kg8
41. Nd5 Kf8 42. Kg2 Qd8 43. Bxf6 Bxf6 44. Rb7 Re6 45. Rxb5 Kg7 46. Rb7 Qc8 47.
Nf4 Re5 48. c6 h4 49. c7 hxg3 50. fxg3 Qd7 51. Nd3 Rf5 52. Qe4 Qa4 53. Qxf5 gxf5
54. c8=Q Qa2+ 55. Nf2 Qd5+ 56. Kf1 1-0

[Event "World Rapid 2023"]
[Site "Samarkand UZB"]
[Date "2023.12.27"]
[EventDate "2023.12.26"]
[Round "8.57"]
[Result "0-1"]
[White "Venkataraman Karthik"]
[Black "Mikhail Kobalia"]
[WhiteElo "2609"]
[BlackElo "2542"]
[PlyCount "60"]

1. c4 c6 2. Nf3 d5 3. e3 Nf6 4. Nc3 e6 5. b3 Bd6 6. Bb2 O-O 7. Be2 Re8 8. d4
Nbd7 9. O-O b6 10. a4 Bb7 11. Re1 Rc8 12. Qb1 c5 13. cxd5 exd5 14. Rd1 Qe7 15.
a5 Bb8 16. axb6 axb6 17. Ba6 Bxa6 18. Rxa6 cxd4 19. exd4 Qb4 20. Qc2 Ne4 21. Rd3
Rc6 22. Ra4 Qe7 23. Qd1 Ndf6 24. h3 Nxc3 25. Rxc3 Rxc3 26. Bxc3 Rc8 27. Qd3 Qe4
28. Qd2 Qb1+ 29. Qe1 Qxb3 30. Ra8 Bh2+ 0-1

[Event "World Rapid 2023"]
[Site "Samarkand UZB"]
[Date "2023.12.27"]
[EventDate "2023.12.26"]
[Round "8.58"]
[Result "1/2-1/2"]
[White "Zhamsaran Tsydypov"]
[Black "Mukhammadzokhid Suyarov"]
[WhiteElo "2530"]
[BlackElo "2359"]
[PlyCount "98"]

1. e4 e5 2. Nf3 Nf6 3. Nxe5 d6 4. Nf3 Nxe4 5. d4 d5 6. Bd3 Bf5 7. O-O Be7 8. Re1
O-O 9. c4 Nc6 10. Nc3 Nxc3 11. bxc3 Bxd3 12. Qxd3 dxc4 13. Qxc4 Bd6 14. Rb1 Qd7
15. Qd3 b6 16. Ng5 f5 17. Bd2 h6 18. Nf3 Rae8 19. c4 Qf7 20. h3 a5 21. Rxe8 Rxe8
22. Rb5 Rf8 23. c5 bxc5 24. dxc5 Be5 25. Qb3 Bf6 26. Bxa5 Qxb3 27. axb3 Nxa5 28.
Rxa5 Rb8 29. Ra7 c6 30. Rc7 Rxb3 31. Rxc6 Rb1+ 32. Kh2 Rb2 33. Kg3 Rc2 34. Kf4
Rxf2 35. Kxf5 Rxg2 36. Rc7 Rg3 37. Ke4 Rxh3 38. c6 Rh5 39. Rd7 Rc5 40. c7 Kh7
41. Nd4 Bxd4 42. Kxd4 Rc1 43. Kd5 h5 44. Kd6 Rd1+ 45. Ke7 Rc1 46. Kf8 h4 47.
Rxg7+ Kh6 48. Rd7 h3 49. Rd3 1/2-1/2

[Event "World Rapid 2023"]
[Site "Samarkand UZB"]
[Date "2023.12.27"]
[EventDate "2023.12.26"]
[Round "8.59"]
[Result "0-1"]
[White "Raymond Song"]
[Black "Chongsheng Zeng"]
[WhiteElo "2503"]
[BlackElo "2577"]
[PlyCount "74"]

1. d4 d5 2. c4 c6 3. Nc3 Nf6 4. e3 e6 5. Nf3 Nbd7 6. Be2 dxc4 7. a4 Bd6 8. Nd2
e5 9. Nxc4 Bc7 10. b3 exd4 11. Qxd4 c5 12. Nd6+ Kf8 13. Qd2 Ne5 14. Nxc8 Rxc8
15. Qc2 Nc6 16. O-O h5 17. f4 Qe7 18. Bf3 Ba5 19. Ne4 Nxe4 20. Bxe4 Rh6 21. Bb2
Kg8 22. Kh1 Re8 23. Bxc6 Rxc6 24. Rf3 Qe4 25. Qxe4 Rxe4 26. Rd1 Kf8 27. Rg3 g6
28. h3 Ke7 29. f5 Bc7 30. Rf3 g5 31. Rd5 Rd6 32. Rxd6 Bxd6 33. Kg1 g4 34. hxg4
hxg4 35. Rf1 Rxe3 36. Rb1 Kd7 37. Kf2 Rxb3 0-1

[Event "World Rapid 2023"]
[Site "Samarkand UZB"]
[Date "2023.12.27"]
[EventDate "2023.12.26"]
[Round "8.60"]
[Result "1/2-1/2"]
[White "Artem Uskov"]
[Black "Roman Kezin"]
[WhiteElo "2392"]
[BlackElo "2502"]
[PlyCount "122"]

1. e4 c5 2. Nf3 e6 3. d4 cxd4 4. Nxd4 Nc6 5. Nc3 Qc7 6. g4 a6 7. Be3 h6 8. Bg2
Nf6 9. h3 Ne5 10. O-O b5 11. f4 Nc4 12. Bc1 b4 13. Nce2 Bb7 14. Qd3 Rc8 15. b3
Na3 16. Bxa3 bxa3 17. c4 Bc5 18. e5 Nh7 19. Rad1 O-O 20. Kh2 Bxg2 21. Kxg2 Rfd8
22. Nf3 d6 23. Qe4 Nf8 24. h4 Bb4 25. Ng3 a5 26. g5 d5 27. cxd5 exd5 28. Qe2 Ng6
29. Nh5 Qd7 30. Kg3 hxg5 31. hxg5 Qf5 32. Rd3 Rc3 33. Rfd1 Ne7 34. Nh4 Qh7 35.
Kg4 Rdc8 36. Rxc3 Bxc3 37. f5 Kf8 38. Rf1 Nxf5 39. Nxf5 g6 40. Nh6 gxh5+ 41. Kh4
Rc7 42. Qxh5 Bxe5 43. g6 Qg7 44. Rxf7+ Rxf7 45. Nxf7 Qf6+ 46. Qg5 Qf2+ 47. Kh5
Bf6 48. g7+ Bxg7 49. Nd8 Bf6 50. Qxd5 Be7 51. Ne6+ Ke8 52. Nc7+ Kf8 53. Ne6+ Ke8
54. Ng7+ Kf8 55. Nf5 Qh2+ 56. Kg6 Qg1+ 57. Kh7 Qh2+ 58. Nh6 Qc2+ 59. Nf5 Qh2+
60. Nh6 Qc2+ 61. Nf5 1/2-1/2

[Event "World Rapid 2023"]
[Site "Samarkand UZB"]
[Date "2023.12.27"]
[EventDate "2023.12.26"]
[Round "8.61"]
[Result "1-0"]
[White "Anton Smirnov"]
[Black "Arystan Isanzhulov"]
[WhiteElo "2586"]
[BlackElo "2407"]
[PlyCount "104"]

1. e4 c5 2. Nf3 Nc6 3. d4 cxd4 4. Nxd4 g6 5. Nc3 Bg7 6. Nde2 Nf6 7. g3 O-O 8.
Bg2 Rb8 9. a4 a6 10. O-O d6 11. h3 b5 12. axb5 axb5 13. Kh2 e6 14. Bf4 b4 15.
Na4 Ne5 16. Nd4 Bb7 17. Qe2 Qe7 18. Rfd1 Ba8 19. c3 Qb7 20. f3 Rfc8 21. Nc2 Nh5
22. Be3 bxc3 23. bxc3 Qc7 24. Bf2 Nf6 25. Nb4 Nc6 26. Na6 Qe7 27. Nxb8 Rxb8 28.
Rab1 Rd8 29. c4 h5 30. f4 Nd7 31. Nb6 Nxb6 32. Bxb6 Rc8 33. Qd2 Bf8 34. Be3 Qf6
35. Rbc1 Rd8 36. Qf2 Rb8 37. Rd2 Rb3 38. Rcc2 Nb4 39. Bd4 e5 40. Rc3 Rb1 41.
fxe5 Qxf2 42. Bxf2 dxe5 43. Rd8 Rb2 44. Rxa8 Rxf2 45. c5 Nc6 46. Ra6 Rf6 47. Bf1
Kg7 48. Bb5 Nd4 49. Rxf6 Kxf6 50. Bd7 Ke7 51. c6 Nb5 52. c7 1-0

[Event "World Rapid 2023"]
[Site "Samarkand UZB"]
[Date "2023.12.27"]
[EventDate "2023.12.26"]
[Round "8.38"]
[Result "1/2-1/2"]
[White "Giovanni Vescovi"]
[Black "Mukhammadali Abdurakhmonov"]
[WhiteElo "2584"]
[BlackElo "2409"]
[PlyCount "88"]

1. d4 Nf6 2. Nf3 e6 3. c4 d5 4. Nc3 c6 5. Bg5 Nbd7 6. e3 Qa5 7. cxd5 Nxd5 8. Qd2
h6 9. Bh4 Bb4 10. Rc1 N7f6 11. Bd3 O-O 12. O-O c5 13. a3 Bxc3 14. bxc3 cxd4 15.
cxd4 Qxd2 16. Nxd2 Bd7 17. Bxf6 Nxf6 18. Ne4 Bc6 19. Nxf6+ gxf6 20. Rc3 Rfd8 21.
Rfc1 f5 22. Rc5 Kg7 23. Bb5 Bxb5 24. Rxb5 b6 25. Rb4 Rac8 26. Rbc4 Rxc4 27. Rxc4
Rd5 28. g3 Rb5 29. Rc7 Ra5 30. Rc3 Kf6 31. Kg2 Ke7 32. Kh3 Kf6 33. Kh4 Kg6 34.
h3 h5 35. f3 Ra4 36. g4 fxg4 37. fxg4 hxg4 38. Kxg4 b5 39. Kf4 f6 40. Rd3 a5 41.
Rb3 b4 42. axb4 axb4 43. h4 Kf7 44. e4 Ke7 1/2-1/2

[Event "World Rapid 2023"]
[Site "Samarkand UZB"]
[Date "2023.12.27"]
[EventDate "2023.12.26"]
[Round "8.63"]
[Result "1/2-1/2"]
[White "Vasquez Schroeder, Rodrigo"]
[Black "Vadim Zvjaginsev"]
[WhiteElo "2475"]
[BlackElo "2567"]
[PlyCount "46"]

1. e4 c5 2. Nf3 g6 3. d4 cxd4 4. Nxd4 Nc6 5. c4 Nf6 6. Nc3 Nxd4 7. Qxd4 d6 8. f3
Bg7 9. Be3 O-O 10. Qd2 Be6 11. Rc1 a6 12. b3 Rc8 13. Be2 Re8 14. Kf2 Qa5 15. Na4
Qxd2 16. Bxd2 Nd7 17. Be3 Rc6 18. c5 dxc5 19. Nxc5 Nxc5 20. Rxc5 Rxc5 21. Bxc5
Rc8 22. Be3 Rc2 23. Rd1 h5 1/2-1/2

[Event "World Rapid 2023"]
[Site "Samarkand UZB"]
[Date "2023.12.27"]
[EventDate "2023.12.26"]
[Round "8.64"]
[Result "0-1"]
[White "Chithambaram VR Aravindh"]
[Black "Aleksey Grebnev"]
[WhiteElo "2646"]
[BlackElo "2525"]
[PlyCount "64"]

1. e4 c5 2. Nf3 d6 3. Bb5+ Nd7 4. a4 Nf6 5. Nc3 a6 6. Bc4 e6 7. a5 Be7 8. O-O
O-O 9. d4 cxd4 10. Nxd4 Qc7 11. Bxe6 fxe6 12. Nxe6 Qc6 13. Nxf8 Nxf8 14. Bg5 Be6
15. Re1 Ng6 16. Qd4 h6 17. Be3 Rc8 18. f4 Bf7 19. h3 Nf8 20. Qb6 Qd7 21. Rad1
Rc6 22. Qa7 Qc8 23. Bd4 Ng6 24. e5 dxe5 25. fxe5 Nh5 26. Bf2 Ngf4 27. e6 Bxe6
28. Qe3 Bc5 29. Qf3 Bxh3 30. gxh3 Rg6+ 31. Kf1 Ng3+ 32. Kg1 Qxh3 0-1

[Event "World Rapid 2023"]
[Site "Samarkand UZB"]
[Date "2023.12.27"]
[EventDate "2023.12.26"]
[Round "8.65"]
[Result "0-1"]
[White "Ramazan Zhalmakhanov"]
[Black "Vladislav Kovalev"]
[WhiteElo "2493"]
[BlackElo "2582"]
[PlyCount "96"]

1. Nc3 d5 2. d4 Nf6 3. Bf4 a6 4. e3 e6 5. g4 c5 6. g5 Nfd7 7. Nf3 Nc6 8. h4 b5
9. Ne2 Bb7 10. c3 b4 11. Bh3 a5 12. Kf1 g6 13. h5 Ba6 14. Kg2 gxh5 15. Ng3 Rg8
16. Nh4 h6 17. Bxe6 fxe6 18. Qxh5+ Ke7 19. Ng6+ Rxg6 20. Qxg6 Qe8 21. Qg8 Qf7
22. Bd6+ Ke8 23. Qxf7+ Kxf7 24. Bxf8 Rxf8 25. Rxh6 Bd3 26. Rah1 Rg8 27. f4 bxc3
28. bxc3 Ne7 29. Rh8 c4 30. Rxg8 Kxg8 31. Rh6 Bg6 32. Kf3 Kg7 33. Rh2 Nb6 34.
Rb2 Na4 35. Rb7 Kf8 36. Ne2 Bh5+ 37. Kf2 Bxe2 38. Kxe2 Nxc3+ 39. Kd2 Nxa2 40.
Ra7 Nc6 41. Rc7 c3+ 42. Kc2 Ncb4+ 43. Kb3 c2 44. Rxc2 a4+ 45. Kb2 a3+ 46. Kb3
Nxc2 47. Kxc2 Nb4+ 48. Kb3 a2 0-1

[Event "World Rapid 2023"]
[Site "Samarkand UZB"]
[Date "2023.12.27"]
[EventDate "2023.12.26"]
[Round "8.66"]
[Result "0-1"]
[White "Baskaran Adhiban"]
[Black "Nikolay Averin"]
[WhiteElo "2541"]
[BlackElo "2246"]
[PlyCount "146"]

1. c4 e6 2. Nf3 d5 3. g3 Nf6 4. Bg2 dxc4 5. Qa4+ Nbd7 6. Qxc4 a6 7. Qc2 c5 8. a4
b6 9. b3 Bb7 10. Bb2 Rc8 11. d3 Nd5 12. O-O N7f6 13. Nbd2 Be7 14. Rac1 O-O 15.
Qb1 h6 16. Qa1 Nb4 17. h4 Re8 18. Bh3 Bf8 19. Ne5 Nd7 20. Ng4 f5 21. Nh2 Nb8 22.
Nhf3 N8c6 23. Bg2 Rc7 24. Nc4 Rd7 25. Rfd1 Nd5 26. Nce5 Rc7 27. Nxc6 Rxc6 28. e4
Nb4 29. d4 fxe4 30. Ne5 Rd6 31. dxc5 bxc5 32. Qb1 Qa8 33. Rxd6 Bxd6 34. Nc4 Bf8
35. Re1 Nd3 36. Re3 Bd5 37. Nd2 Rb8 38. Nxe4 Nxb2 39. Qxb2 c4 40. b4 Rxb4 41.
Qe5 Qb8 42. Qh5 Qd8 43. Qg6 Rxa4 44. Kh2 Rb4 45. Bh3 Rb6 46. Nc3 Qf6 47. Qc2 a5
48. Qe2 Kh8 49. Nxd5 exd5 50. Rf3 Qe7 51. Re3 Qf6 52. Bg2 Rb2 53. Qe1 Qxf2 54.
Qxf2 Rxf2 55. Kh3 d4 56. Re4 c3 57. Rxd4 g5 58. Be4 gxh4 59. Kxh4 Kg7 60. Rc4
Bb4 61. Kh5 Rh2+ 62. Kg4 Kf6 63. Kf4 Rf2+ 64. Ke3 Rb2 65. Rc6+ Ke5 66. g4 a4 67.
Bd3 a3 68. Bc4 Bd6 69. Ra6 Bc5+ 70. Kd3 c2 71. Re6+ Kf4 72. Re1 a2 73. Rf1+ Kxg4 0-1

[Event "World Rapid 2023"]
[Site "Samarkand UZB"]
[Date "2023.12.27"]
[EventDate "2023.12.26"]
[Round "8.67"]
[Result "0-1"]
[White "Denis Khismatullin"]
[Black "Jakub Seemann"]
[WhiteElo "2579"]
[BlackElo "2441"]
[PlyCount "96"]

1. c4 Nf6 2. Nc3 e5 3. Nf3 Nc6 4. e3 Bb4 5. Nd5 Be7 6. Qc2 d6 7. a3 Be6 8. Nxe7
Qxe7 9. b4 e4 10. Ng5 Bf5 11. f4 h6 12. Nh3 Bxh3 13. gxh3 O-O-O 14. Bb2 Rhe8 15.
O-O-O Qe6 16. Rg1 g6 17. Kb1 Nd7 18. Bg2 Nb6 19. Rc1 Kb8 20. Rgd1 d5 21. cxd5
Rxd5 22. Bf1 Qd7 23. b5 Nd8 24. a4 Ne6 25. a5 Nc8 26. a6 Nc5 27. Bc4 Rf5 28. d4
exd3 29. Bxd3 Rd5 30. Bf1 b6 31. Rxd5 Qxd5 32. Bg2 Qd3 33. Rd1 Qxb5 34. Bf1 Qb4
35. Qc4 Qxc4 36. Bxc4 Nd6 37. Bf1 Rxe3 38. Be5 Nce4 39. Kc2 f6 40. Bd4 Ra3 41.
Bd3 Ra2+ 42. Bb2 Nf2 43. Rd2 Nxd3 44. Rxd3 Rxa6 45. Bxf6 Ra2+ 46. Kb3 Rxh2 47.
Be5 Kb7 48. f5 Rg2 0-1

[Event "World Rapid 2023"]
[Site "Samarkand UZB"]
[Date "2023.12.27"]
[EventDate "2023.12.26"]
[Round "8.68"]
[Result "0-1"]
[White "Aldiyar Ansat"]
[Black "Liam Vrolijk"]
[WhiteElo "2434"]
[BlackElo "2566"]
[PlyCount "78"]

1. e4 e5 2. Nf3 Nc6 3. Bb5 a6 4. Ba4 Nf6 5. O-O b5 6. Bb3 Bc5 7. a4 Rb8 8. Nxe5
Nxe5 9. d4 Bxd4 10. Qxd4 d6 11. f4 Nc6 12. Qc3 Ne7 13. axb5 axb5 14. Qd3 O-O 15.
Nc3 b4 16. Nd5 Nexd5 17. exd5 Re8 18. f5 Ne4 19. Be3 Bd7 20. Bc4 Qf6 21. Qd4
Qxd4 22. Bxd4 Nd2 23. Ra7 Nxc4 24. Rxc7 Bb5 25. Ra1 Rec8 26. Raa7 Rxc7 27. Rxc7
h5 28. Kf2 Nb6 29. Bxb6 Rxb6 30. Ke3 Bf1 31. c4 bxc3 32. bxc3 Bxg2 33. c4 Kf8
34. Kd4 h4 35. c5 Rb4+ 36. Kc3 dxc5 37. d6 Rb8 38. Kc4 Rd8 39. Kxc5 0-1

[Event "World Rapid 2023"]
[Site "Samarkand UZB"]
[Date "2023.12.27"]
[EventDate "2023.12.26"]
[Round "8.69"]
[Result "1-0"]
[White "Klementy Sychev"]
[Black "Mikhail Markov"]
[WhiteElo "2542"]
[BlackElo "2283"]
[PlyCount "116"]

1. e4 c5 2. Nf3 e6 3. c3 Nf6 4. e5 Nd5 5. a3 d6 6. d4 cxd4 7. c4 Nc7 8. Qxd4 Nc6
9. Qc3 dxe5 10. Nxe5 Qf6 11. Nxc6 bxc6 12. Be3 e5 13. Nd2 Be7 14. Ne4 Qe6 15.
Nc5 Qf6 16. Bd3 O-O 17. O-O Ne6 18. Ne4 Qh4 19. Qxe5 f5 20. Nd6 Bxd6 21. Qxd6 f4
22. Qxc6 Rb8 23. Bxa7 Rb7 24. Rfe1 Rxa7 25. Rxe6 Ra6 26. Qxc8 Rxc8 27. Rxa6 f3
28. g3 Qd4 29. Bf5 Rb8 30. Rf1 Rxb2 31. Be6+ Kf8 32. Bd5 Qd3 33. Re6 Re2 34. a4
g5 35. a5 g4 36. a6 Ra2 37. Rfe1 Qd4 38. Rf1 Ra1 39. Ree1 Rxa6 40. Re4 Qd3 41.
Rf4+ Kg7 42. Rxg4+ Rg6 43. Rf4 Rf6 44. Be4 Qc3 45. Rg4+ Kf8 46. Bxh7 Ra6 47.
Rf4+ Kg7 48. Be4 Rf6 49. Rg4+ Kf8 50. Bd5 Ke7 51. Re4+ Kd6 52. Re3 Qc2 53. Rxf3
Rh6 54. h4 Kc5 55. Kg2 Qg6 56. Rf4 Qd3 57. Ra1 Qd2 58. Rb1 1-0

[Event "World Rapid 2023"]
[Site "Samarkand UZB"]
[Date "2023.12.27"]
[EventDate "2023.12.26"]
[Round "8.70"]
[Result "1-0"]
[White "Ilia Iljiushenok"]
[Black "Khumoyun Begmuratov"]
[WhiteElo "2547"]
[BlackElo "2371"]
[PlyCount "46"]

1. e4 c5 2. c3 Nf6 3. e5 Nd5 4. Nf3 e6 5. d4 cxd4 6. cxd4 b6 7. Bd2 Bb7 8. Nc3
Be7 9. h4 Nxc3 10. Bxc3 Bd5 11. Bd3 Nc6 12. a3 d6 13. Rh3 dxe5 14. dxe5 Qc7 15.
Qe2 O-O-O 16. Kf1 Kb8 17. Re1 Bc5 18. Rg3 Bxf3 19. Qxf3 Bd4 20. Rxg7 Bxc3 21.
bxc3 Nxe5 22. Rxe5 Qxe5 23. Qxf7 1-0

[Event "World Rapid 2023"]
[Site "Samarkand UZB"]
[Date "2023.12.27"]
[EventDate "2023.12.26"]
[Round "8.71"]
[Result "1/2-1/2"]
[White "Benjamin Haldorsen"]
[Black "Elham Amar"]
[WhiteElo "2445"]
[BlackElo "2555"]
[PlyCount "158"]

1. Nf3 d5 2. g3 g6 3. c4 dxc4 4. Qa4+ Nc6 5. Qxc4 Bg7 6. Bg2 e5 7. O-O Nge7 8.
d3 O-O 9. Nc3 h6 10. Ne4 Be6 11. Qc2 Bd5 12. Nc3 Bxf3 13. exf3 Nf5 14. f4 Ncd4
15. Qd1 exf4 16. Bxf4 c6 17. Re1 Qb6 18. Qd2 Rad8 19. Be5 Ne6 20. Bxg7 Kxg7 21.
Ne4 Qd4 22. Rad1 Rd7 23. Qc3 Rfd8 24. Bf1 Ng5 25. Kg2 Nxe4 26. Rxe4 Qf6 27.
Qxf6+ Kxf6 28. h4 Nd4 29. Rc1 Rd5 30. b4 a5 31. a3 axb4 32. axb4 Ra8 33. Rc4 Nf5
34. Rc2 Ra1 35. Rb2 Nd6 36. Rf4+ Kg7 37. Be2 g5 38. hxg5 hxg5 39. Rf3 Nf5 40. b5
cxb5 41. d4 Nd6 42. Rfb3 Rxd4 43. Bxb5 Rdd1 44. Be2 Rg1+ 45. Kf3 Rge1 46. Rd2
Ne8 47. Rxb7 Nf6 48. Rb4 g4+ 49. Kf4 Ra5 50. Rbd4 Kg6 51. Bxg4 Rae5 52. Kf3 Ne4
53. Rc2 f5 54. Bh3 Ng5+ 55. Kg2 Nxh3 56. Kxh3 R1e2 57. Rc6+ Re6 58. Rdd6 Rxd6
59. Rxd6+ Kg7 60. f4 Kf7 61. Kh4 Rg2 62. Rb6 Rg1 63. Ra6 Rg2 64. Ra3 Kf6 65.
Ra6+ Kf7 66. Kg5 Rxg3+ 67. Kxf5 Rb3 68. Ra7+ Kf8 69. Kf6 Rb6+ 70. Kg5 Rc6 71. f5
Rb6 72. Ra8+ Kf7 73. Ra7+ Kf8 74. f6 Rb1 75. Ra8+ Kf7 76. Ra7+ Kf8 77. Kg6 Rg1+
78. Kf5 Rf1+ 79. Kg6 Rg1+ 1/2-1/2

[Event "World Rapid 2023"]
[Site "Samarkand UZB"]
[Date "2023.12.27"]
[EventDate "2023.12.26"]
[Round "8.72"]
[Result "0-1"]
[White "Roman Shogdzhiev"]
[Black "Stepan Zilka"]
[WhiteElo "1901"]
[BlackElo "2615"]
[PlyCount "98"]

1. e4 c5 2. Nf3 d6 3. d4 cxd4 4. Nxd4 Nf6 5. Nc3 g6 6. Be3 Bg7 7. f3 O-O 8. Qd2
Nc6 9. O-O-O d5 10. exd5 Nxd5 11. Nxc6 bxc6 12. Bd4 e5 13. Bc5 Re8 14. Ne4 Qc7
15. h4 f5 16. Nd6 Rd8 17. Nxc8 Raxc8 18. Bc4 h5 19. g4 Kh7 20. Kb1 e4 21. Bxd5
Rxd5 22. Qf2 Qe5 23. Ba3 Rb8 24. c4 Rxd1+ 25. Rxd1 Qc3 26. Rd8 Qxf3 27. Rd2 Qxa3
28. gxf5 Rxb2+ 29. Rxb2 Qxb2+ 30. Qxb2 Bxb2 31. fxg6+ Kxg6 32. Kxb2 Kf5 33. Kc3
Kg4 34. Kd2 Kxh4 35. Ke3 Kg3 36. Kxe4 h4 37. Kd4 h3 38. Kc5 h2 39. Kxc6 h1=Q+
40. Kc7 Qc1 41. Kb7 Qxc4 42. Kxa7 Qxa2+ 43. Kb6 Qc4 44. Ka7 Qb5 45. Ka8 Kf4 46.
Ka7 Ke5 47. Ka8 Kd6 48. Ka7 Kc7 49. Ka8 Qa6# 0-1

[Event "World Rapid 2023"]
[Site "Samarkand UZB"]
[Date "2023.12.27"]
[EventDate "2023.12.26"]
[Round "8.73"]
[Result "0-1"]
[White "Renato Terry"]
[Black "Danis Kuandykuly"]
[WhiteElo "2522"]
[BlackElo "2095"]
[PlyCount "68"]

1. d4 Nf6 2. Nf3 e6 3. c4 b6 4. g3 Ba6 5. Qa4 Bb7 6. Bg2 c5 7. dxc5 Bxc5 8. O-O
O-O 9. Nc3 Nc6 10. Bf4 Rc8 11. Rad1 Qe7 12. a3 a5 13. Qb3 Ba6 14. Rfe1 Rfd8 15.
Na4 e5 16. Nxc5 Qxc5 17. Be3 Bxc4 18. Qxb6 Qxb6 19. Bxb6 Re8 20. Nd2 Ba6 21.
Bxc6 Rxc6 22. Bxa5 d5 23. e3 Rc2 24. Nf3 Rxb2 25. Bc3 Rc2 26. Rc1 Ra2 27. Ra1
Rc2 28. Rec1 Re2 29. Re1 Rc2 30. Rec1 Re2 31. a4 Ne4 32. Be1 g5 33. a5 Re6 34.
Kg2 g4 0-1

[Event "World Rapid 2023"]
[Site "Samarkand UZB"]
[Date "2023.12.27"]
[EventDate "2023.12.26"]
[Round "8.74"]
[Result "1-0"]
[White "Robert Ruck"]
[Black "David Akhmedov"]
[WhiteElo "2531"]
[BlackElo "2244"]
[PlyCount "110"]

1. Nf3 Nf6 2. c4 e6 3. Nc3 d5 4. d4 dxc4 5. e4 b5 6. e5 Nd5 7. Nxb5 Nb6 8. Be2
Nc6 9. O-O Bb7 10. Be3 Ne7 11. Na3 Ned5 12. Nxc4 Nxc4 13. Bxc4 Be7 14. Ba6 Bxa6
15. Qa4+ Qd7 16. Qxa6 O-O 17. Rac1 Rfb8 18. Qe2 a5 19. a3 Rb3 20. Rc2 Rab8 21.
Bc1 Bd8 22. Qe4 Ne7 23. Rd1 R3b5 24. h3 Rd5 25. Re1 Nf5 26. Rc4 h6 27. Kh2 Rb3
28. Rg1 c6 29. Qc2 Rb6 30. Rd1 Be7 31. Rd2 Qb7 32. Re2 Qa6 33. Re4 Qb5 34. Rc3
Qa6 35. Rg4 Qb7 36. Re4 Rd8 37. Rc4 Qd7 38. Bd2 Qd5 39. Ra4 Rb5 40. Re2 Rdb8 41.
Bc3 c5 42. dxc5 Rxc5 43. Qe4 Qd8 44. Rd2 Qc7 45. Qd3 Rd5 46. Qe2 Rc5 47. Qd1 Bf8
48. Rd3 Ne7 49. Qd2 Nd5 50. Bxa5 Qb7 51. Bc3 Nxc3 52. bxc3 Qb3 53. Rb4 Rxb4 54.
cxb4 Rd5 55. Rxb3 1-0

[Event "World Rapid 2023"]
[Site "Samarkand UZB"]
[Date "2023.12.27"]
[EventDate "2023.12.26"]
[Round "8.75"]
[Result "1-0"]
[White "Baadur Jobava"]
[Black "Sergey Sklokin"]
[WhiteElo "2591"]
[BlackElo "1780"]
[PlyCount "62"]

1. e4 c6 2. d4 d5 3. exd5 cxd5 4. c4 Nc6 5. Nc3 Nf6 6. Nf3 g6 7. Qb3 Na5 8. Qb5+
Bd7 9. cxd5 Bxb5 10. Bxb5+ Nd7 11. Ne5 Bg7 12. Bxd7+ Kf8 13. Bh3 Bxe5 14. dxe5
Kg7 15. O-O Nc4 16. Re1 Qa5 17. Re4 b5 18. Bg5 Rhe8 19. Bd7 b4 20. Nb5 Nb6 21.
Bxe8 Rxe8 22. Nc7 Rc8 23. d6 Nd5 24. Rc1 Nxc7 25. Bxe7 Qa6 26. Bf6+ Kf8 27. Rec4
Ke8 28. Rxc7 Rxc7 29. Rxc7 Qa4 30. b3 Qb5 31. Re7+ 1-0

[Event "World Rapid 2023"]
[Site "Samarkand UZB"]
[Date "2023.12.27"]
[EventDate "2023.12.26"]
[Round "8.76"]
[Result "1/2-1/2"]
[White "Aleksandr Rakhmanov"]
[Black "Mamikon Gharibyan"]
[WhiteElo "2614"]
[BlackElo "2504"]
[PlyCount "68"]

1. c4 e6 2. d4 Nf6 3. Nc3 d5 4. cxd5 exd5 5. Bg5 Bb4 6. e3 h6 7. Bxf6 Qxf6 8.
Qa4+ Nc6 9. Rc1 O-O 10. a3 Bxc3+ 11. Rxc3 Ne7 12. Nf3 c6 13. Be2 Nf5 14. O-O Nd6
15. Ne5 Bf5 16. b4 a6 17. Qb3 Rfe8 18. a4 Rad8 19. Rcc1 Ne4 20. Qb2 g6 21. b5
axb5 22. axb5 Rc8 23. bxc6 bxc6 24. Ba6 Rb8 25. Qe2 Rb6 26. Bd3 Reb8 27. Rc2 c5
28. f3 cxd4 29. fxe4 dxe4 30. Bxe4 Qxe5 31. Bxf5 gxf5 32. exd4 Qxd4+ 33. Qf2
Qxf2+ 34. Rcxf2 1/2-1/2

[Event "World Rapid 2023"]
[Site "Samarkand UZB"]
[Date "2023.12.27"]
[EventDate "2023.12.26"]
[Round "8.77"]
[Result "1-0"]
[White "Deshun Xiu"]
[Black "Gabriel Gaehwiler"]
[WhiteElo "2510"]
[BlackElo "2381"]
[PlyCount "112"]

1. Nf3 Nf6 2. c4 e6 3. b3 d5 4. Bb2 Be7 5. g3 b6 6. cxd5 exd5 7. Bg2 O-O 8. O-O
Bb7 9. d4 Nbd7 10. Nc3 Bd6 11. Nb5 Ba6 12. Nxd6 cxd6 13. Re1 Ne4 14. e3 Qf6 15.
Bf1 Bxf1 16. Rxf1 Rfc8 17. Kg2 Qf5 18. Ne1 h5 19. f3 Ng5 20. Qd3 Qh3+ 21. Kg1
Re8 22. Ng2 Qe6 23. h4 Nh7 24. Rae1 Qh3 25. Kf2 Ndf6 26. Rh1 Qd7 27. Nf4 Nf8 28.
Kg2 Rac8 29. Re2 Ne6 30. Nh3 Rc7 31. Nf2 Nf8 32. Rhe1 Ng6 33. Nh3 Rec8 34. Ng5
Nh7 35. Nh3 Nf6 36. Nf4 Nxf4+ 37. exf4 g6 38. Rd2 Qf5 39. Qxf5 gxf5 40. Ba3 Rc2
41. Ree2 Rxd2 42. Rxd2 Rc6 43. Kf2 Kf8 44. Re2 Ne8 45. Ke1 Ng7 46. Kd2 Ne6 47.
Re5 Nxd4 48. Rxd5 Ne6 49. Rxf5 Ke7 50. Rxh5 Nd4 51. Rd5 Nxf3+ 52. Ke2 Nh2 53. h5
Ke6 54. Rxd6+ Rxd6 55. Bxd6 Kxd6 56. h6 Kd5 1-0

[Event "World Rapid 2023"]
[Site "Samarkand UZB"]
[Date "2023.12.27"]
[EventDate "2023.12.26"]
[Round "8.79"]
[Result "1-0"]
[White "Anton Demchenko"]
[Black "Amilal Munkhdalai"]
[WhiteElo "2609"]
[BlackElo "2388"]
[PlyCount "100"]

1. e4 c5 2. Nc3 e6 3. Nf3 Nc6 4. h3 d5 5. Bb5 d4 6. Ne2 Bd7 7. O-O a6 8. Bxc6
Bxc6 9. d3 Bd6 10. Ng3 Nf6 11. e5 Bxf3 12. Qxf3 Bxe5 13. Qxb7 O-O 14. Qf3 Nd5
15. Bd2 Qb8 16. b3 Bxg3 17. fxg3 Qd6 18. Rae1 Nb4 19. Bxb4 cxb4 20. g4 Rac8 21.
Re2 Rc5 22. h4 Qc6 23. Qf2 Qd6 24. g3 h6 25. Kh2 e5 26. Kg1 Qg6 27. Qf3 Rfc8 28.
Rff2 Qe6 29. g5 hxg5 30. hxg5 Qd5 31. Qh5 R8c6 32. Rh2 Kf8 33. Qh8+ Ke7 34. Qxg7
Rg6 35. Qh8 Rxg5 36. Qh4 f6 37. Ref2 Qg8 38. Kf1 Rc6 39. Qe4 Qe6 40. Rh7+ Kd6
41. Rh6 Kc5 42. Kg2 Qg8 43. Rfxf6 Rxf6 44. Rxf6 Qc8 45. Qh7 Kb5 46. Rf2 Qc6+ 47.
Qe4 Qc7 48. Qd5+ Kb6 49. Rf6+ Ka7 50. Rf7 1-0

[Event "World Rapid 2023"]
[Site "Samarkand UZB"]
[Date "2023.12.27"]
[EventDate "2023.12.26"]
[Round "8.80"]
[Result "1-0"]
[White "Abdimalik Abdisalimov"]
[Black "Arystanbek Urazayev"]
[WhiteElo "2496"]
[BlackElo "2472"]
[PlyCount "110"]

1. Nf3 d5 2. c4 e6 3. g3 Nf6 4. Bg2 Be7 5. O-O O-O 6. b3 b6 7. Bb2 Bb7 8. Qc2 c5
9. cxd5 Nxd5 10. a3 Nc6 11. Rd1 Rc8 12. e4 Nf6 13. d3 Nd7 14. Nbd2 Bf6 15. Nc4
Bxb2 16. Qxb2 Qe7 17. e5 Rcd8 18. Rac1 Ba8 19. h4 h6 20. Qe2 b5 21. Ncd2 Nb6 22.
Ne4 Nd4 23. Nxd4 cxd4 24. Qb2 b4 25. axb4 Qxb4 26. Ra1 Rd7 27. Rdc1 Re7 28. Qa3
Qxa3 29. Rxa3 Nd5 30. Rc4 Rb8 31. Rxd4 Bc6 32. Nd6 Rd7 33. Rc4 Ba8 34. Rca4 Bc6
35. Rxa7 Rxa7 36. Rxa7 Rxb3 37. Nxf7 Rb1+ 38. Kh2 Rb2 39. Nd8 Rxf2 40. Kg1 Rc2
41. Nxc6 Rc1+ 42. Kh2 Rxc6 43. Bxd5 exd5 44. Rd7 Rc5 45. d4 Rb5 46. h5 Kf8 47.
Kh3 Ke8 48. Rxg7 Rb4 49. Rg4 Ke7 50. Rf4 Rb3 51. Kg4 Rd3 52. Kf5 Rxg3 53. Rg4
Re3 54. Rg7+ Kf8 55. Rd7 1-0